ARRUPE JESUIT UNIVERSITY

CORONAVIRUS -STOP THE SPREAD - CLEAN,DISINFECT,COVER

Nyerere of Tanzania. (Record no. 131429)

MARC details
000 -LEADER
fixed length control field 00930cam a2200277 4500
001 - CONTROL NUMBER
control field 1727629
003 - CONTROL NUMBER IDENTIFIER
control field ARRUPE
005 - DATE AND TIME OF LATEST TRANSACTION
control field 20220517084649.0
008 - FIXED-LENGTH DATA ELEMENTS--GENERAL INFORMATION
fixed length control field 730620s1973 enkabc 000 0beng
010 ## - LIBRARY OF CONGRESS CONTROL NUMBER
LC control number 73161699
015 ## - NATIONAL BIBLIOGRAPHY NUMBER
National bibliography number B73-74361
020 ## - INTERNATIONAL STANDARD BOOK NUMBER
International Standard Book Number 0575015101
040 ## - CATALOGING SOURCE
Original cataloging agency DLC
Transcribing agency DLC
Modifying agency DLC
050 00 - LIBRARY OF CONGRESS CALL NUMBER
Classification number DT448.25.N9
Item number S64 1973
082 00 - DEWEY DECIMAL CLASSIFICATION NUMBER
Classification number 967.8/04/0924
-- B
300 ## - PHYSICAL DESCRIPTION
Other physical details 1 illus., maps (on lining papers), ports.
Dimensions 22 cm.
100 1# - MAIN ENTRY--PERSONAL NAME
Personal name Smith, William Edgett.
9 (RLIN) 51592
240 10 - UNIFORM TITLE
Uniform title <a href="We must run while they walk">We must run while they walk</a>
245 10 - TITLE STATEMENT
Title Nyerere of Tanzania.
Statement of responsibility, etc William E. Smith
260 ## - PUBLICATION, DISTRIBUTION, ETC. (IMPRINT)
Place of publication, distribution, etc Harare,
Name of publisher, distributor, etc Zimbabwe Publishing House,
Date of publication, distribution, etc 1971.
300 ## - PHYSICAL DESCRIPTION
Extent 207, [4] p.
350 ## - PRICE (NR) (BK AM CF MU VM SE) [OBSOLETE]
Price £2.50
500 ## - GENERAL NOTE
General note American ed. published under title: We must run while they walk; a portrait of Africa's Julius Nyerere.
600 10 - SUBJECT ADDED ENTRY--PERSONAL NAME
Personal name Nyerere, Julius K.,
Dates associated with a name 1922-1999.
9 (RLIN) 13382
906 ## - LOCAL DATA ELEMENT F, LDF (RLIN)
a 7
b cbc
c orignew
d 3
e ncip
f 19
g y-gencatlg
942 ## - ADDED ENTRY ELEMENTS (KOHA)
Source of classification or shelving scheme Library of Congress Classification
Koha item type Monograph ( Printed materials)
Holdings
Withdrawn status Lost status Source of classification or shelving scheme Damaged status Not for loan Collection code Home library Current library Shelving location Date acquired Total Checkouts Full call number Barcode Date last seen Price effective from Koha item type
    Library of Congress Classification     Main Collection ARRUPE LIBRARY ARRUPE LIBRARY Main Collection 17/05/2022   DT448.25.N9 S64 1973 46600008506 17/05/2022 17/05/2022 Monograph ( Printed materials)

 

Arrupe Library. PO Box MP320 Mt Pleasant, Harare, Zimbabwe
263 242 745411|librarian@aju.ac.zw